"Building trust and international cooperation in strengthening integrity" : (Record no. 693)
[ view plain ]
| 000 -LEADER | |
|---|---|
| fixed length control field | nam a22 a 4500 |
| 003 - CONTROL NUMBER IDENTIFIER | |
| control field | AKMAL |
| 005 - DATE AND TIME OF LATEST TRANSACTION | |
| control field | 20170504154244.0 |
| 008 - FIXED-LENGTH DATA ELEMENTS--GENERAL INFORMATION | |
| fixed length control field | 170504s2005 my a e | 100 0 eng d |
| 020 ## - INTERNATIONAL STANDARD BOOK NUMBER | |
| International Standard Book Number | 983425041X (pbk.) : |
| Terms of availability | RM35.00 |
| 040 ## - CATALOGING SOURCE | |
| Original cataloging agency | AKMAL |
| 082 04 - DEWEY DECIMAL CLASSIFICATION NUMBER | |
| Classification number | 170 WOR |
| Edition number | 22 |
| 090 00 - LOCALLY ASSIGNED LC-TYPE CALL NUMBER (OCLC); LOCAL CALL NUMBER (RLIN) | |
| Classification number (OCLC) (R) ; Classification number, CALL (RLIN) (NR) | 170 |
| Local cutter number (OCLC) ; Book number/undivided call number, CALL (RLIN) | WOR |
| 111 2# - MAIN ENTRY--MEETING NAME | |
| Meeting name or jurisdiction name as entry element | World Ethics & Integrity Forum |
| Date of meeting | (2005 : |
| Location of meeting | Kuala Lumpur) |
| 9 (RLIN) | 1486 |
| 245 1# - TITLE STATEMENT | |
| Title | "Building trust and international cooperation in strengthening integrity" : |
| Remainder of title | proceedings of the World Ethics & Integrity Forum 2005 / |
| Statement of responsibility, etc. | edited by Sulaiman Mahbob, Mohd Nizam Mohd Ali, Suzanna Che Moin |
| 260 ## - PUBLICATION, DISTRIBUTION, ETC. | |
| Place of publication, distribution, etc. | Kuala Lumpur : |
| Name of publisher, distributor, etc. | Integrity Institute of Malaysia, |
| Date of publication, distribution, etc. | 2005 |
| 300 ## - PHYSICAL DESCRIPTION | |
| Extent | xvii, 378p. : |
| Other physical details | ill. ; |
| Dimensions | 25cm. |
| 500 ## - GENERAL NOTE | |
| General note | Cover title |
| 650 10 - SUBJECT ADDED ENTRY--TOPICAL TERM | |
| Topical term or geographic name entry element | Ethics |
| Form subdivision | Congresses |
| 9 (RLIN) | 1487 |
| 650 20 - SUBJECT ADDED ENTRY--TOPICAL TERM | |
| Topical term or geographic name entry element | Integrity |
| Form subdivision | Congresses |
| 9 (RLIN) | 1488 |
| 650 ## - SUBJECT ADDED ENTRY--TOPICAL TERM | |
| Topical term or geographic name entry element | Trust |
| Form subdivision | Congresses |
| 9 (RLIN) | 1489 |
| 700 0# - ADDED ENTRY--PERSONAL NAME | |
| Personal name | Sulaiman Mahbob |
| 9 (RLIN) | 473 |
| 700 0# - ADDED ENTRY--PERSONAL NAME | |
| Personal name | Mohd. Nizam Mohd. Ali |
| 9 (RLIN) | 1490 |
| 700 0# - ADDED ENTRY--PERSONAL NAME | |
| Personal name | Suzanna Che Moin |
| 9 (RLIN) | 1491 |
| 710 2# - ADDED ENTRY--CORPORATE NAME | |
| Corporate name or jurisdiction name as entry element | Institut Integriti Malaysia |
| 9 (RLIN) | 1492 |
| 942 ## - ADDED ENTRY ELEMENTS (KOHA) | |
| Source of classification or shelving scheme | |
| Koha item type | Book |
| Withdrawn status | Lost status | Source of classification or shelving scheme | Damaged status | Not for loan | Collection code | Home library | Current library | Shelving location | Date acquired | Inventory number | Total Checkouts | Full call number | Barcode | Date last seen | Price effective from | Koha item type |
|---|---|---|---|---|---|---|---|---|---|---|---|---|---|---|---|---|
| NON-FICTION | AKMAL Melaka | AKMAL Melaka | PINJAMAN | 04.05.2017 | 100583 | 170 WOR | 201701681 | 04.05.2017 | 04.05.2017 | Book |
